| 000 | 00933cam a22002651 4500 | ||
|---|---|---|---|
| 001 | sa 66001845 | ||
| 003 | DLC | ||
| 005 | 20260227112225.0 | ||
| 008 | 791224s1962 ii ach b 001 0 eng | ||
| 010 | _asa 66001845 | ||
| 025 | _aPL480:I-E-5169 | ||
| 035 | _a(OCoLC)5822874 | ||
| 040 |
_aDLC _cCLobS _dDLC |
||
| 050 | 0 | 0 |
_aDS475.2.R18 _bC6 1962 |
| 100 | 1 | _aCollet, Sophia Dobson. | |
| 245 | 1 | 4 |
_aThe life and letters of Raja Rammohun Roy. _cEdited by Dilip Kumar Biswas and Prabhat Chandra Ganguli. |
| 250 | _a[3d ed.] | ||
| 260 |
_aCalcutta, _bSadharan Brahmo Samaj _c[1962] |
||
| 300 |
_axii, 562 p. _billus., facsims., ports. (part col.) _c23 cm. |
||
| 500 | _aCompleted by F. Herbert Stead after the death of the author. | ||
| 500 | _a"Rammohun's works": p. [165] | ||
| 504 | _aBibliography: p. [542]-544. | ||
| 600 | 0 | 0 |
_aRammohun Roy, _cRaja, _d1772?-1833. |
| 700 | 1 |
_aStead, F. Herbert _q(Francis Herbert), _d1857-1928. |
|
| 999 |
_c68019 _d68019 |
||